Statistics for Largest countries in the World by Area quiz.

Click here to take the quiz!

General Stats

  • This quiz has been taken 16 times
  • The average score is 13 of 15

Answer Stats

CountryAnswer% Correct
10thAlgeria
100%
5thAustralia
100%
6thBrazil
100%
2ndCanada
100%
4thChina
100%
7thIndia
100%
13thMexico
100%
1stRussia
100%
15thSudan
100%
8thArgentina
93%
14thIndonesia
80%
12thSaudi Arabia
80%
3rdUnited States
80%
11thDemocratic Republic of Congo
33%
9thKazahstan
7%

Score Distribution

Percentile by Number Answered

Percent of People with Each Score

Your Score History

You have not taken this quiz